000 00369nam a2200133Ia 4500
008 230411s9999 xx 000 0 und d
041 _aeng
082 _aP/612.654/NEE/B05883
100 _aNeeraja KP
245 _aTextbook of Growth and Development for Nursing Students
260 _bJaypee Brothers
_aNew Delhi
_c2006
300 _a354p
999 _c156349
_d156349